000 00787nam a2200265 i 4500
001 C2-0321688
003 PPAK
005 20180728120758.0
008 130304s2012 my a|||| ||||| | may d
020 _a9789670384030
040 _aPPAK
_beng
_cPPAK
_erda
082 0 4 _a959.5114
_223
090 0 0 _a959.5114
_bPER
_dK
245 0 0 _aPerak :
_bpenempatan manusia zaman batu
264 1 _aPetaling Jaya, Selangor :
_bGaleri Cetusan Idea ,
_c2012
300 _a59 pages :
_bcolour illustrations ;
_c29 cm
336 _2rdacontent
_atext
337 _2rdamedia
_aunmediated
338 _2rdacarrier
_avolume
490 1 _aMenyingkap tinggalan warisan
650 1 0 _aPerak - History.
700 0 _aAzlina Awang,
_ecompile
830 0 _aMenyingkap tinggalan warisan
942 _ddc
_cB
999 _c122100
_d122100